00560 2200217 4500001002100000005001500021035002000036007000300056008004100059020001800100082001100118084001700129100001600146245006600162250001000228260003500238300003000273650001900303990001000322990001000332INLIS00000000000113520220812092808 a0010-1217000050ta220812 f 0 ind  a979-518-919-0 a297.41 a297.41 THO s0 aThohir Luth1 aSyariat Islam Tentang Haji dan Umrah /cDR.H. Thohir Luth, MA aCet.1 aJakarta :bRineka Cipta,c2004 a100 hlm ;c13,5 x 20,5 cm 4aHaji dan Umrah a214 a a214 a